000 01028nam a2200241 i 4500
001 80463
003 ES-MaACL
005 20260213163044.0
007 t|
008 041028s1979 sp f |||| | spa d
245 0 0 _aHomenaje a Gabriel Miró en el centenario de su nacimiento, 1879-1979
_b: estudios de crítica literaria /
_cpresentación y compilación de J.L. Román del Cerro ; colaboran Mariano Baquero Goyanes ... [et al.].
260 _aAlicante :
_bCaja de Ahorros Provincial de Alicante,
_c1979.
300 _a281 p., 1 lám. col. ;
_c21 cm.
490 1 _aPublicaciones de la Caja de Ahorros Provincial de Alicante ;
_v63
504 _aBibliografía.
600 1 4 _aMiró, Gabriel-
_vHomenajes.
_9170545
700 1 _aRomán del Cerro, Juan Luis.
_999224
700 1 _aBaquero Goyanes, Mariano.
_925265
710 0 _aCaja de Ahorros del Mediterráneo
_92294
830 0 0 _aPublicaciones de la Caja de Ahorros Provincial de Alicante
_v63
_9186986
852 _aES-MaACL
_jA-10606
999 _c80463
_d80463